000 00273nam a2200121Ia 4500
008 190216s9999||||xx |||||||||||||| ||und||
100 _aLooyi Karol
245 0 _aAlice Kanda Adbuthalokam
260 _bVidyarthimithram
300 _a96
650 _aKathakal
942 _cBK
999 _c27381
_d27381